00207nam a2200085Ia 4500008004100000100001600041245003600057260001100093999001700104170817s9999 xx 000 0 und d aMANGAL S.K. 0aADVANCED EDUCATIONAL PSYCHOLOGY bP.H.I. c37237d37237